000 004190000a22001690004500
003 MACL
005 20151229133337.0
008 151229b xxu||||| |||| 00| 0 eng d
040 _aMACL
_cMACL
041 _aEnglish
082 _a170/FOW
100 _aFowler, Thomas
_923880
245 _aThe Principles of Morals
_bpart 2
260 _bThe Clarendon Press
650 _aPsychology
_923881
942 _cBK
_k170/FOW
_2ddc
999 _c36849
_d36849